[Event "Voronezh op"]
[Site "Voronezh"]
[Date "1998.06.19"]
[Round "8"]
[White "Goriatchkin, V."]
[Black "Chernyshov, Konstantin"]
[Result "0-1"]
[WhiteElo "2375"]
[BlackElo "2485"]
[PlyCount "73"]
[EventDate "1998.06.??"]
[EventType "swiss"]
[EventRounds "9"]
[EventCountry "RUS"]
[SourceTitle "EXT 1999"]
[Source "ChessBase"]
[SourceDate "1998.11.16"]
[SourceVersion "1"]
[SourceVersionDate "1998.11.16"]
[SourceQuality "1"]

1. d4 Nf6 2. c4 e6 3. Nc3 Bb4 4. e3 b6 5. Bd3 Bb7 6. Nf3 Be4 7. Be2 Qc8 8. 0-0 Bxc3 9. bxc3 Qb7 10. Ne1 0-0 11. f3 Bg6 12. c5 bxc5 13. dxc5 Rd8 14. e4 d5 15. Be3 e5 16. c4 c6 17. cxd5 cxd5 18. Bc4 Rd7 19. exd5 Nxd5 20. Bxd5 Rxd5 21. Qb3 Qd7 22. Rf2 Nc6 23. Rb2 Rd8 24. Rc1 h6 25. h3 Kh7 26. Qb7 Qe6 27. Qa6 f5 28. Rb7 f4 29. Bf2 R8d7 30. Rxd7 Qxd7 31. Rc3 Rd2 32. Rb3 Qd5 33. Qa4 Bf5 34. Qa6 Nd4 35. Ra3 Ne2+ 36. Kh2 Ng3 37. Bg1 0-1